000 01110nam a22002417a 4500
005 20120112143825.0
008 120112t xxu||||| |||| 00| 0 mar d
010 _aMAR-21979
020 _a9788184983357
_c220.00
035 _aMR-14637
037 _bDBAD/PUB
040 _aDPL
_bMR
082 _a823
100 _aकार्सन, पॉल
_939079
245 _aब्रिट्रेयल /
_cपॉल कार्सन ; मुकुंद कुर्लेकर द्वारा अनुवादित
246 _aBetrayal
_bby Paul Carson
260 _aपुणे
_bमेहता पब्लिशिंग हाऊस
_c2012
270 _a1941,सदाशिव पेठ,माडीवाले कॉलनी
_bपुणे
_e411030
300 _a208पृ.
_c22सेमी(अजिल्द)
700 _aमुकुंद कुर्लेकर
_945007
942 _2ddc
_cMR
_mकार्सन
_h823
999 _c64939
_d64939